Savaras : A snake charming community of West Bengal : A study in search of identify (Record no. 19725)

MARC details
000 -LEADER
fixed length control field 00684nam a2200205Ia 4500
082 ## - DEWEY DECIMAL CLASSIFICATION NUMBER
Classification number TR.0068
100 ## - MAIN ENTRY--AUTHOR NAME
Personal name Ray, Himansu Mohan
245 #0 - TITLE STATEMENT
Title Savaras : A snake charming community of West Bengal : A study in search of identify
260 ## - PUBLICATION, DISTRIBUTION, ETC. (IMPRINT)
Year of publication 1978
Name of publisher University of Calcutta
300 ## - PHYSICAL DESCRIPTION
Number of Pages 216p. + C D - 52
650 ## - SUBJECT ADDED ENTRY--TOPICAL TERM
Topical Term SORA//SAVARA (INDIC PEOPLE)
650 ## - SUBJECT ADDED ENTRY--TOPICAL TERM
Topical Term SAVARAS//SAVARA (INDIC PEOPLE)
650 ## - SUBJECT ADDED ENTRY--TOPICAL TERM
Topical Term SABARA//SAVARA (INDIC PEOPLE)
650 ## - SUBJECT ADDED ENTRY--TOPICAL TERM
Topical Term SAVARA (INDIC PEOPLE) - WEST BENGAL
650 ## - SUBJECT ADDED ENTRY--TOPICAL TERM
Topical Term SAURA//SAVARA (INDIC PEOPLE)
650 ## - SUBJECT ADDED ENTRY--TOPICAL TERM
Topical Term SAORA//SAVARA (INDIC PEOPLE)
650 ## - SUBJECT ADDED ENTRY--TOPICAL TERM
Topical Term ETHNOLOGY - INDIA///SAVARA (INDIC PEOPLE)
710 ## - ADDED ENTRY--CORPORATE NAME
Corporate name or jurisdiction name as entry element Bhowmick, P.K.
942 ## - ADDED ENTRY ELEMENTS (KOHA)
Koha item type Thesis
Source of classification or shelving scheme Dewey Decimal Classification
Holdings
Withdrawn status Lost status Damaged status Not for loan Home library Current library Date acquired Full call number Accession Number Price effective from Koha item type
        NASSDOC Library NASSDOC Library 08/10/2004 TR.0068 13940 18/04/2019 Thesis